Bataille de population : Pays - Mort Subite #3 - Statistiques

Statistiques générales
  • Ce quiz a été pris 260 fois
  • Le résultat moyen est 3 sur 10
Answers on the Grid
Answers color-coded by a green-red scale on the quiz's grid according to % correct below.
Azerbaidjan
Nicaragua
Chine
Brésil
Argentine
Russie
Mali
Irak
Hongrie
Cuba
Panama
Costa Rica
Algérie
Bolivie
Venezuela
Luxembourg
Islande
Chypre
Biélorussie
Guatemala
Soudan
Koweit
Tchéquie
Albanie
Mauritanie
Malte
Burkina Faso
Qatar
Géorgie
Laos
 
Statistiques - réponses
Réponse % Correct
1 414,5 M Chine
99%
213,2 M Brésil
64%
47,5 M Irak
31%
52,4 M Soudan
18%
10,9 M Cuba
17%
47,7 M Algérie
16%
24,3 M Burkina Faso
15%
10,5 M Tchéquie
14%
7,9 M Laos
11%
1,4 M Chypre
9%
Aucun quiz correspondant
Distribution des résultats
% des personnes avec chaque résultat
Percentile par nombre de réponses
Votre historique - résultats
Vous n’avez pas pris ce quiz